Sports Quiz

Random Sports or MLB Quiz

MLB Charting HR By Games Played Quiz Stats

 Plays Quiz Updated Oct 10, 2018

Challenge
Share
Tweet
Embed
Score 0/102 Timer 08:00
0 Plays Today
Games played Player % Correct
100 - 109 gamesBarry Bonds
94.2%
110 - 119 gamesBarry Bonds
94.2%
130 - 139 gamesBarry Bonds
94.2%
140 - 149 gamesBarry Bonds
94.2%
150 - 159 gamesBarry Bonds
94.2%
90 - 99 gamesBabe Ruth
93.8%
110 - 119 gamesBabe Ruth
93.8%
130 - 139 gamesBabe Ruth
93.8%
130 - 139 gamesBabe Ruth
93.8%
140 - 149 gamesBabe Ruth
93.8%
140 - 149 gamesBabe Ruth
93.8%
150 - 159 gamesBabe Ruth
93.8%
150 - 159 gamesBabe Ruth
93.8%
120 - 129 gamesSammy Sosa
92.6%
130 - 139 gamesSammy Sosa
92.6%
150 - 159 gamesSammy Sosa
92.6%
160+ gamesSammy Sosa
92.6%
160+ gamesSammy Sosa
92.6%
80 - 89 gamesMark McGwire
92.5%
90 - 99 gamesMark McGwire
92.5%
100 - 109 gamesMark McGwire
92.5%
130 - 139 gamesMark McGwire
92.5%
130 - 139 gamesMark McGwire
92.5%
150 - 159 gamesMark McGwire
92.5%
150 - 159 gamesMark McGwire
92.5%
150 - 159 gamesMark McGwire
92.5%
100 - 109 gamesKen Griffey Jr.
89.2%
110 - 119 gamesKen Griffey Jr.
89.2%
140 - 149 gamesKen Griffey Jr.
89.2%
160+ gamesKen Griffey Jr.
89.2%
120 - 129 gamesAlex Rodriguez
88.3%
160+ gamesAlex Rodriguez
88.3%
160+ gamesAlex Rodriguez
88.3%
90 - 99 gamesIvan Rodriguez
87.7%
Games played Player % Correct
80 - 89 gamesRyan Howard
86.3%
150 - 159 gamesRyan Howard
86.3%
160+ gamesAndruw Jones
86.1%
80 - 89 gamesGarrett Jones
85.8%
140 - 149 gamesAlbert Pujols
85.6%
120 - 129 gamesHank Aaron
84.2%
130 - 139 gamesHank Aaron
84.2%
80 - 89 gamesKen Griffey Jr.
83.8%
80 - 89 gamesTed Williams
83.1%
90 - 99 gamesTed Williams
83.1%
160+ gamesRoger Maris
82.8%
80 - 89 gamesJuan Gonzalez
82.8%
90 - 99 gamesJuan Gonzalez
82.8%
130 - 139 gamesJuan Gonzalez
82.8%
130 - 139 gamesJuan Gonzalez
82.8%
160+ gamesLuis Gonzalez
82.8%
110 - 119 gamesMatt Williams
82.7%
80 - 89 gamesRyan Schimpf
82.6%
130 - 139 gamesCy Williams
82.6%
90 - 99 gamesJose Bautista
78.9%
160+ gamesJose Bautista
78.9%
160+ gamesChris Davis
78%
120 - 129 gamesEric Davis
77.7%
150 - 159 gamesGiancarlo Stanton
77.5%
140 - 149 gamesJim Thome
76.9%
110 - 119 gamesManny Ramirez
74%
80 - 89 gamesHanley Ramirez
73.7%
110 - 119 gamesFrank Thomas
72.6%
100 - 109 gamesCecil Fielder
71.6%
120 - 129 gamesLarry Walker
70.7%
100 - 109 gamesAlbert Belle
70.6%
140 - 149 gamesAlbert Belle
70.6%
110 - 119 gamesJeff Bagwell
70.4%
110 - 119 gamesRyan Braun
66.8%
Games played Player % Correct
140 - 149 gamesBrady Anderson
66.1%
140 - 149 gamesJimmie Foxx
66.1%
150 - 159 gamesJimmie Foxx
66.1%
110 - 119 gamesJ.D. Martinez
64.2%
100 - 109 gamesMike Schmidt
63.9%
120 - 129 gamesGiancarlo Stanton
63.8%
150 - 159 gamesHank Greenberg
58.8%
120 - 129 gamesJay Buhner
55.4%
130 - 139 gamesDante Bichette
54.3%
80 - 89 gamesGary Sheffield
53.1%
100 - 109 gamesAndres Galarraga
49.7%
110 - 119 gamesFred McGriff
49.3%
100 - 109 gamesAlfonso Soriano
47.5%
100 - 109 gamesAl Kaline
47.1%
90 - 99 gamesJose Canseco
44.1%
110 - 119 gamesJose Canseco
44.1%
130 - 139 gamesEddie Mathews
43.2%
120 - 129 gamesTravis Hafner
42.7%
130 - 139 gamesDuke Snider
42.6%
120 - 129 gamesJavy Lopez
40.1%
120 - 129 gamesDave Kingman
32.8%
100 - 109 gamesNelson Cruz
31.7%
140 - 149 gamesTed Kluszewski
26.4%
80 - 89 gamesBob Horner
23%
90 - 99 gamesTrevor Story
21%
100 - 109 gamesTony Clark
17.8%
90 - 99 gamesKevin Mitchell
16.4%
90 - 99 gamesJohnny Mize
16.4%
80 - 89 gamesBrandon Moss
16.3%
100 - 109 gamesMichael Conforto
12.2%
100 - 109 gamesGlenallen Hill
7.8%
100 - 109 gamesRudy York
7.4%
100 - 109 gamesJ.D. Drew
6.3%
80 - 89 gamesJohn Jaha
5.2%

You're not logged in!

Compare scores with friends on all Sporcle quizzes.
OR
Log In

You Might Also Like...

Show Comments

Extras

Top Quizzes Today


Score Distribution

Your Account Isn't Verified!

In order to create a playlist on Sporcle, you need to verify the email address you used during registration. Go to your Sporcle Settings to finish the process.

Report this User

Report this user for behavior that violates our Community Guidelines.

Details: